التخطيط الاعلامى / (Record no. 61452)
[ view plain ]
| 000 -الفاتح | |
|---|---|
| حقل البيانات ثابتة الطول | 00941nam a22002657a 4500 |
| 005 - وقت وتاريخ اخر تعامل مع التسجيلة | |
| رقم الضبط | 20240530110500.0 |
| 008 - عناصر البيانات ثابتة الطول - معلومات عامة | |
| حقل البيانات ثابتة الطول | 150627s2012 jo g b 000 0 ara d |
| 017 ## - رقم الايداع القانونى | |
| رقم الايداع القانونى | 2011/7/3858 |
| 040 ## - مصدر الفهرسة | |
| وكالة الفهرسة الأصلية | EG-CaGPL |
| 082 04 - رقم تصنيف ديوى العشرى | |
| رقم الطبعة | 21 |
| رقم التصنيف | 302.23\ |
| رقم المادة | ع ت |
| 100 0# - المدخل الرئيسى - إسم شخصى | |
| الإسم الشخصى | عبدالرازق محمد الدليمى |
| 245 12 - بيان العنوان | |
| العنوان | التخطيط الاعلامى / |
| بيان المسئوليه,etc | عبدالرازق محمد الدليمى . |
| 246 ## - العنوان الموازى | |
| عنوان صحيح/عنوان مختصر | Media Planning |
| 250 ## - بيان الطبعة | |
| بيان الطبعة | ط1. |
| 260 ## - PUBLICATION, DISTRIBUTION, ETC. (IMPRINT) | |
| تاريخ النشر أو التوزيع | 2012 . |
| 300 ## - الوصف المادى | |
| التعداد | 311 ص ؛ |
| أبعاد الوعاء | 24 سم. |
| 650 04 - المدخل الاضافى بالموضوع-مصطلح موضوعى | |
| مصطلح موضوعي | الاعلام |
| 650 04 - المدخل الاضافى بالموضوع-مصطلح موضوعى | |
| مصطلح موضوعي | التخطيط الاعلامى |
| التقسيم الفرعي العام | الدولة العربية |
| 650 04 - المدخل الاضافى بالموضوع-مصطلح موضوعى | |
| مصطلح موضوعي | وسائل الاعلام |
| 650 04 - المدخل الاضافى بالموضوع-مصطلح موضوعى | |
| مصطلح موضوعي | الاتصال |
| 650 04 - المدخل الاضافى بالموضوع-مصطلح موضوعى | |
| مصطلح موضوعي | التخطيط الاعلامى |
| 650 04 - المدخل الاضافى بالموضوع-مصطلح موضوعى | |
| مصطلح موضوعي | الاعلام |
| التقسيم الفرعي العام | فلسفة و نظريات |
| 942 ## - عناصر المدخل الإضافي( كوها) | |
| مصدر التصنيف او مخطط الترفيف | Dewey Decimal Classification |
| Koha [default] item type | كتاب |
| 260 ## - PUBLICATION, DISTRIBUTION, ETC. (IMPRINT) | |
| -- | عمان : |
| -- | دار المسيرة للنشر والتوزيع و الطباعة ، |
| حالة التراجع | حالة الفقد | حالة تلف | ليس للاعارة | المكان المؤقت | الموقع الحالى | تاريخ الاكتساب | اجمالي اﻻعارات | رقم الطلب | الباركود | تاريخ اخر مشاهدة | تاريخ تفعيل السعر | نوع وعاء كوها |
|---|---|---|---|---|---|---|---|---|---|---|---|---|
| مكتبة القاهرة الكبرى | مكتبة القاهرة الكبرى | 06/27/2015 | 302.23\ ع ت | 160749 | 06/27/2015 | 06/27/2015 | كتاب |

